[Event "It (open)"]
[Site "masterchessopen.com - Bajada de la Virgen (Spain)"]
[Date "2005.06.16"]
[Round "5"]
[White "Kohlweyer Bernd (GER)"]
[Black "Vlahovic Svetozar (SRB)"]
[Result "1-0"]
[WhiteElo "2422"]
[BlackElo "2180"]

1.d4 e6 2.c4 f5 3.g3 Nf6 4.Bg2 Be7 5.Nf3 O-O 6.O-O d6 7.Nc3 Qe8 8.b3 Qh5 9.Ba3
g5 10.e3 Rf7 11.Ne1 Qg6 12.Nd3 h5 13.c5 Ne4 14.Nb5 Na6 15.f3 Bd7 16.Nxc7 Nxc7
17.fxe4 Nb5 18.cxd6 fxe4 19.Rxf7 Qxf7 20.Ne5 Qe8 21.dxe7 Nxa3 22.Bxe4 Qxe7
23.Qxh5 Be8 24.Qh6 {#r} 1-0

[Event "It (open)"]
[Site "masterchessopen.com - Balatonlelle (Hungary)"]
[Date "2005.06.20"]
[Round "3"]
[White "Ignacz Maria (HUN)"]
[Black "Gara Gyorgy (HUN)"]
[Result "1-0"]
[WhiteElo "2286"]
[BlackElo "2134"]

1.d4 e6 2.g3 f5 3.c4 Nf6 4.Bg2 Be7 5.Nf3 O-O 6.O-O d6 7.Nc3 Qe8 8.b3 c6 9.d5
cxd5 10.cxd5 e5 11.Ba3 Qd7 12.Rc1 Ne8 13.Qd2 h6 14.Rfd1 Na6 15.e3 Bf6 16.e4 b5
17.b4 Nac7 18.Qe2 Rb8 19.Bb2 a5 20.exf5 axb4 21.Ne4 Qxf5 22.Nxd6 Nxd6 23.Rxc7
Nc4 24.Ba1 Bd8 25.Rxc4 bxc4 26.Qxc4 e4 27.Ne5 Qxf2+ 28.Kh1 Bf5 29.d6+ Kh7
30.Rf1 Qe3 31.Bd4 Qg5 32.g4 Rc8 33.Qd5 Rc1 34.gxf5 Rxf1+ 35.Bxf1 Qc1 36.Qc4
Qd1 37.Kg2 Rxf5 38.Be2 Qd2 39.Nc6 Bf6 40.Bxf6 Rxf6 41.Qxe4+ Rg6+ 42.Kf2 Qxd6
43.Bd3 Qxh2+ 44.Ke1 Qg1+ 45.Kd2 Qg5+ 46.Kc2 Qc5+ {#r} 1-0

[Event "It (open)"]
[Site "masterchessopen.com - Koszalin (Poland)"]
[Round "3"]
[White "Czakon Jakub (POL)"]
[Black "Vager Boris (RUS)"]
[Result "1-0"]
[WhiteElo "2477"]
[BlackElo "2175"]

1.d4 e6 2.c4 f5 3.Nf3 Nf6 4.Nc3 Be7 5.g3 O-O 6.Bg2 d6 7.O-O Qe8 8.b3 Qh5 9.Ba3
Re8 10.e3 c6 11.d5 exd5 12.cxd5 c5 13.b4 cxb4 14.Bxb4 Na6 15.Ba3 Bd7 16.Rb1 b6
17.Nd4 Qxd1 18.Rfxd1 Nc7 19.Rbc1 Rec8 20.Bh3 g6 21.Nc6 Bf8 22.Bg2 Be8 23.h3
Bf7 24.Bf3 Re8 25.g4 fxg4 26.hxg4 g5 27.Nd4 h5 28.gxh5 g4 29.Bg2 Bxh5 30.Nce2
Rac8 31.Nf4 Bf7 32.Nf5 Red8 33.Bb2 Nce8 34.Ne6 Rxc1 35.Rxc1 Rb8 36.Nxf8 Kxf8
37.Nxd6 {#r} 1-0

[Event "It (open)"]
[Site "masterchessopen.com - Stare Mesto (Czech Republic)"]
[Date "2005.08.20"]
[Round "10"]
[White "Tejkal Jiri (CZE)"]
[Black "Vavruska Antonin (CZE)"]
[Result "0-1"]
[WhiteElo "2052"]
[BlackElo "2185"]

1.d4 e6 2.Nf3 f5 3.g3 d6 4.Bg2 Nf6 5.O-O Be7 6.c4 O-O 7.Nc3 Qe8 8.b3 a5 9.Bb2
Qh5 10.e3 c6 11.Ne1 Qh6 12.Qe2 e5 13.dxe5 dxe5 14.Na4 Nbd7 15.Nf3 e4 16.Nd4
Ng4 17.h3 Nge5 18.Bc3 Ra6 19.Rfd1 c5 20.Nb5 Rg6 21.Nc7 Bd6 22.Nd5 Nd3 23.Nf4
Bxf4 24.exf4 Nf6 25.Bxf6 Rgxf6 26.Nb2 Nb4 27.Rd2 Nc6 28.Na4 Nd4 29.Qe3 b6
30.Nc3 Bb7 31.Rad1 Bc6 32.Ne2 Nf3+ 33.Kh1 Nxd2 34.Rxd2 Rd6 35.Nc3 Rfd8 {#R}
0-1

[Event "Memorial M.Chigorin (open)"]
[Site "masterchessopen.com - St.Petersburg (Russia)"]
[Date "2005.10.20"]
[Round "6"]
[White "Zakharevich Igor (RUS)"]
[Black "Zacurdajev Mikhail (RUS)"]
[Result "1-0"]
[WhiteElo "2490"]
[BlackElo "2330"]

1.d4 e6 2.c4 f5 3.g3 Nf6 4.Bg2 Be7 5.Nf3 d6 6.O-O O-O 7.Nc3 Qe8 8.b3 a5 9.Bb2
Na6 10.a3 Bd7 11.Qc2 Qh5 12.e4 Bc6 13.d5 fxe4 14.Nxe4 Bd7 15.dxe6 Bxe6
16.Nxf6+ Bxf6 17.Bxf6 Rxf6 18.Nd4 c6 19.Nxe6 Rxe6 20.b4 Rb8 21.Qd2 Qe2 22.Qc3
Qe5 23.Qb3 Kh8 24.Rad1 Rf8 25.h4 axb4 26.axb4 Qf5 27.Qb2 Qe5 28.Qxe5 Rxe5
29.Rxd6 g5 30.hxg5 Rxg5 31.Rb1 Rg4 32.Bf1 c5 33.b5 Nb4 34.Re1 Rf7 35.Re5 Rd4
36.Rxd4 cxd4 37.Re8+ Kg7 38.Rd8 Nc2 39.Bd3 Ne1 40.Be4 d3 41.Bxd3 Rc7 42.Be2
Nc2 43.Rd2 {#r} 1-0

[Event "Ch Wales"]
[Site "masterchessopen.com - Hensol Park (Wales)"]
[Date "2006.04.16"]
[Round "5"]
[White "Rees Ioan (WLS)"]
[Black "Spice Alan (WLS)"]
[Result "0-1"]
[WhiteElo "2227"]
[BlackElo "2205"]

1.Nf3 e6 2.c4 f5 3.g3 Nf6 4.Bg2 Be7 5.O-O O-O 6.Nc3 d6 7.d4 Qe8 8.b3 a5 9.Re1
Ne4 10.Qd3 Nxc3 11.Qxc3 Nc6 12.Bb2 e5 13.e4 f4 14.dxe5 dxe5 15.c5 fxg3 16.fxg3
Bf6 17.h3 Qg6 18.g4 h5 19.g5 Bxg5 20.Nxe5 Nxe5 21.Qxe5 Bf4 22.Qc3 Bg3 23.Rf1
Bxh3 24.Qxg7+ Qxg7 25.Bxg7 Rxf1+ 26.Rxf1 Bg4 27.Bf6 Re8 28.Bf3 Bxf3 29.Rxf3
Be5 30.c6 b6 31.Bh4 Bd4+ 32.Kf1 Rxe4 33.Bd8 Re6 34.Rh3 Bf6 35.Bxc7 Rxc6 36.Bf4
h4 37.Rd3 Kf7 38.Bd2 Kg6 39.Kg2 Rc2 40.Kh3 Rxa2 41.Rd6 Kf5 42.b4 axb4 {#R} 0-1

[Event "Ch Switzerland (seniors)"]
[Site "masterchessopen.com - Lenzerheide (Switzerland)"]
[Date "2006.07.15"]
[Round "3"]
[White "Vucenovic Dragomir (SUI)"]
[Black "Eggenberger Werner (SUI)"]
[Result "1-0"]
[WhiteElo "2285"]
[BlackElo "2086"]

1.Nf3 e6 2.g3 f5 3.Bg2 Nf6 4.O-O Be7 5.d4 d6 6.c4 O-O 7.Nc3 Qe8 8.b3 a5 9.Bb2
Na6 10.a3 c6 11.Qc2 Qh5 12.e3 Bd7 13.Rad1 Rae8 14.Na4 Bd8 15.c5 d5 16.Nb6 Bc7
17.Ne5 Bc8 18.f4 g5 19.Bc3 Ne4 20.Bxe4 fxe4 21.Bxa5 gxf4 22.exf4 Bxe5 23.fxe5
Rf3 24.Rxf3 Qxf3 25.Qe2 Qf7 26.Rf1 Qg7 27.Bd2 Nb8 28.Rf4 Kh8 29.Rg4 Qf8 30.Bg5
h6 31.Rh4 Kg8 32.Rxh6 Qf3 33.Qxf3 exf3 34.Bf6 Kf7 35.Rh7+ Kg6 36.Rc7 Kf5
37.Rxc8 Rxc8 38.Nxc8 Ke4 39.Kf2 Nd7 40.b4 Kxd4 41.Kxf3 Kc3 42.Nd6 d4 43.Nxb7
d3 44.Nd6 {#r} 1-0

[Event "Memorial V.P.Kozlov"]
[Site "masterchessopen.com - Moscow (Russia)"]
[Date "2006.08.12"]
[Round "9"]
[White "Kravchenko Vladimir V (RUS)"]
[Black "Klimov Valentin (RUS)"]
[Result "1-0"]
[WhiteElo "2435"]
[BlackElo "2231"]

1.c4 e6 2.g3 f5 3.Bg2 Nf6 4.d4 Be7 5.Nf3 O-O 6.O-O d6 7.Nc3 Qe8 8.b3 a5 9.Bb2
c6 10.Re1 d5 11.e3 b5 12.Ne5 Ne4 13.Ne2 Bb7 14.f3 Nd6 15.Qd3 Nd7 16.cxd5 cxd5
17.Nf4 Bg5 18.Rac1 b4 19.Rc7 Ba6 20.Qc2 Nxe5 21.dxe5 Nb5 22.Rc6 Rc8 23.Rc1 Bb7
24.Rxc8 Qxc8 25.Qd3 Nc3 26.Bxc3 bxc3 27.Rxc3 Qd7 28.Bf1 Rc8 29.Rxc8+ Qxc8
30.Qb5 d4 31.Qc4 Qd7 32.Qxe6+ Qxe6 33.Nxe6 Bxe3+ 34.Kg2 Bd5 35.Nc7 Bc6 36.Bc4+
Kf8 37.Ne6+ Ke7 38.Nxg7 f4 39.Nf5+ Ke8 40.gxf4 Bxf4 41.Nxd4 Bb7 42.e6 {#r} 1-0

[Event "Ch World (juniors) (under 20)"]
[Site "masterchessopen.com - Yerevan (Armenia)"]
[Date "2006.10.12"]
[Round "9"]
[White "Kozlov Roman (KAZ)"]
[Black "Amin Bassem (EGY)"]
[Result "0-1"]
[WhiteElo "2337"]
[BlackElo "2505"]

1.d4 e6 2.c4 f5 3.Nf3 Nf6 4.g3 Be7 5.Bg2 d6 6.O-O O-O 7.Nc3 Qe8 8.b3 Ne4 9.Qc2
Nxc3 10.Qxc3 Nc6 11.Bb2 Bf6 12.b4 e5 13.e3 f4 14.b5 exd4 15.exd4 Ne7 16.Qd2
Be6 17.Rac1 Qf7 18.Qd3 a6 19.a4 axb5 20.axb5 d5 21.c5 Qh5 22.Rfe1 Bh3 23.Ra1
Bxg2 24.Kxg2 Rab8 25.Qe2 Nf5 26.Ra7 Rfe8 27.Ne5 Qg5 28.Kh1 Bxe5 29.dxe5 fxg3
30.hxg3 Re6 31.Qf3 c6 32.Bc1 Qg6 33.Bb2 Rf8 34.Rxb7 Qh6+ 35.Kg1 Nh4 36.Qxf8+
Kxf8 37.gxh4 Qd2 38.Re3 Rg6+ 39.Rg3 Rxg3+ 40.fxg3 cxb5 41.c6 Qd1+ 42.Kg2 Qc2+
43.Kh3 Qxc6 44.Ba3+ Kg8 45.Re7 h5 {#R} 0-1

[Event "Ch Europe (active)"]
[Site "masterchessopen.com - Warsaw (Poland)"]
[Date "2006.12.16"]
[Round "2"]
[White "Sulypa Alexandre (UKR)"]
[Black "Gasik Anna (POL)"]
[Result "1-0"]
[WhiteElo "2478"]
[BlackElo "2143"]

1.c4 f5 2.d4 Nf6 3.g3 e6 4.Bg2 Be7 5.Nf3 d6 6.O-O O-O 7.Nc3 Qe8 8.b3 Qh5 9.e3
Nc6 10.d5 Ne5 11.Nd4 Qg6 12.Nxe6 Bxe6 13.dxe6 c6 14.h3 Ne4 15.Bb2 Qxe6 16.Qc2
Nxc3 17.Bxc3 Bf6 18.Rad1 Rad8 19.Rfe1 Ng6 20.Bb4 Rfe8 21.Kh2 Ne5 22.f4 Nf7
23.e4 g6 24.exf5 Qxf5 25.Be4 Qh5 26.Kg2 d5 27.cxd5 cxd5 28.Bf3 Qh6 29.Rxe8+
Rxe8 30.Bxd5 Qh5 31.Bf3 Qb5 32.Qc4 Qf5 33.g4 Qc8 34.Qxc8 Rxc8 35.Rd7 {#r} 1-0

[Event "It (open) (major)"]
[Site "masterchessopen.com - Yeovil (England)"]
[Date "2007.06.17"]
[Round "4"]
[White "Edgell Ben P (ENG)"]
[Black "Anderson Thomas"]
[Result "1-0"]
[WhiteElo "2069"]
[BlackElo "1792"]

1.d4 e6 2.Nf3 f5 3.g3 Nf6 4.Bg2 Be7 5.O-O O-O 6.c4 d6 7.Nc3 Qe8 8.b3 Bd7 9.Bb2
Na6 10.a3 Rd8 11.b4 c6 12.Qb3 Nc7 13.Rae1 Ne4 14.Nxe4 fxe4 15.Nd2 d5 16.f3
exf3 17.Nxf3 b5 18.c5 Qg6 19.Ne5 Rxf1+ 20.Rxf1 Qh5 21.Bc1 Bf6 22.Bf4 g5 23.g4
Qh6 24.Bg3 Ne8 25.a4 a6 26.axb5 axb5 27.Ra1 Bxe5 28.Bxe5 Nf6 29.Qg3 Qg6 30.h3
h5 31.Rf1 Ne4 32.Bxe4 dxe4 33.Rf6 Qh7 34.Qe3 Qg7 35.Rf5 {#r} 1-0

[Event "It \"]
[Site "masterchessopen.com - Alushta (Ukraine)"]
[Round "3"]
[White "Maiorov Nikita (BLR)"]
[Black "Kovalenko Igor (UKR)"]
[Result "0-1"]
[WhiteElo "2503"]
[BlackElo "2429"]

1.d4 f5 2.c4 Nf6 3.Nf3 e6 4.g3 Be7 5.Bg2 O-O 6.O-O d6 7.b3 Qe8 8.Nc3 a5 9.Ba3
Na6 10.e3 Rb8 11.Qd2 Nb4 12.Bb2 b6 13.a3 Na6 14.Ne1 Bb7 15.f3 c5 16.Nd3 Nc7
17.Rab1 Ba6 18.a4 Bb7 19.Nb5 Nxb5 20.axb5 Nd7 21.Nf4 Bg5 22.dxc5 dxc5 23.Rbd1
Rd8 24.Qd6 e5 25.Rfe1 Be7 26.Qe6+ Qf7 27.Rxd7 Qxe6 28.Nxe6 Rxd7 29.Nxf8 Kxf8
30.Bxe5 Bf6 31.Bb8 Ke8 32.e4 Bc3 33.Rc1 Bd2 34.Rc2 fxe4 35.fxe4 Be3+ 36.Kf1
Rd3 37.Bc7 Rxb3 38.Bxb6 a4 39.e5 Bxg2+ 40.Kxg2 a3 41.Kf3 Bd4+ 42.Ke4 Rb2
43.Rc1 a2 44.Ra1 Rd2 {#R} 0-1

[Event "Ch City (open)"]
[Site "masterchessopen.com - Warsaw (Poland)"]
[Date "2007.09.15"]
[Round "2"]
[White "Adamski Jan (POL)"]
[Black "Staroszczyk Mateusz (POL)"]
[Result "1-0"]
[WhiteElo "2341"]
[BlackElo "2061"]

1.Nf3 f5 2.g3 Nf6 3.Bg2 e6 4.c4 Be7 5.O-O O-O 6.Nc3 d6 7.d4 Qe8 8.b3 a5 9.Re1
Qh5 10.Ba3 Re8 11.Bb2 Na6 12.e4 Nxe4 13.Nxe4 fxe4 14.Rxe4 Bf6 15.Qd2 Bd7
16.Rae1 b5 17.h4 bxc4 18.bxc4 Qg6 19.R4e3 Rab8 20.Bc3 a4 21.Ne5 dxe5 22.dxe5
Rbd8 23.exf6 gxf6 24.Qd4 Kg7 25.Qa7 Bc8 26.Bb7 Bxb7 27.Qxb7 Rd6 28.c5 Rb8
29.Qxb8 Nxb8 30.cxd6 cxd6 31.Rxe6 Qd3 32.Bxf6+ Kf7 33.Bg5 Nc6 34.Rf6+ Kg7
35.Ree6 Ne5 36.Bh6+ {#r} 1-0

[Event "It (open)"]
[Site "masterchessopen.com - Manila (Philippines)"]
[Date "2007.11.25"]
[Round "5"]
[White "Nava Roderick (PHI)"]
[Black "Mendoza Beverly (PHI)"]
[Result "1-0"]
[WhiteElo "2351"]
[BlackElo "2132"]

1.Nf3 f5 2.g3 Nf6 3.Bg2 e6 4.O-O Be7 5.c4 O-O 6.b3 d6 7.d4 Qe8 8.Nc3 a5 9.Qd3
Na6 10.a3 Rb8 11.e4 fxe4 12.Nxe4 Nxe4 13.Qxe4 Qh5 14.g4 Qg6 15.Qxg6 hxg6 16.g5
Bd7 17.Nh4 Kh7 18.Be4 Be8 19.f4 Bf7 20.Rf3 Rh8 21.Nxg6 Bxg6 22.Rh3+ Kg8
23.Rxh8+ Kxh8 24.Bxg6 c5 25.Be3 Kg8 26.dxc5 dxc5 27.f5 e5 28.h4 b5 29.Rd1 bxc4
30.bxc4 Rd8 31.Rxd8+ Bxd8 32.Be8 Be7 33.Kg2 Nc7 34.Bc6 Kf7 35.Kf3 g6 36.Ke4
Bd6 37.Bd2 gxf5+ 38.Kxf5 {#r} 1-0

[Event "It (open) (b)"]
[Site "masterchessopen.com - Marseilles (France)"]
[Date "2007.12.30"]
[Round "7"]
[White "Maiffret Patrick (FRA)"]
[Black "Gomez Jose (DOM)"]
[Result "0-1"]
[WhiteElo "1956"]
[BlackElo "2099"]

1.Nf3 d6 2.d4 f5 3.g3 Nf6 4.Bg2 e6 5.c4 Be7 6.Nc3 O-O 7.O-O Qe8 8.b3 a5 9.Re1
Qg6 10.Ba3 Na6 11.Ne5 Qh5 12.e4 Qxd1 13.Raxd1 Nb4 14.Nd3 Nc2 15.e5 Ne4 16.Bb2
Nxe1 17.Rxe1 Nxc3 18.Bxc3 dxe5 19.Nxe5 Bb4 20.Bxb4 axb4 21.Re2 Rd8 22.d5 c6
23.Nd3 exd5 24.cxd5 Bd7 25.Nxb4 Re8 26.Rxe8+ Rxe8 27.Bf3 cxd5 28.Bxd5+ Kf8
29.Bxb7 Rb8 30.Bc6 Bxc6 31.Nxc6 Ra8 32.a4 Ra6 33.Nd4 Rb6 34.a5 Rb4 35.Nxf5
Rxb3 36.Nd4 Ra3 37.Nc6 Ke8 38.Kg2 Kd7 39.Ne5+ Ke6 40.f4 Rxa5 41.Kf3 Kf5 42.g4+
Ke6 43.Nd3 Kd5 {#R} 0-1

[Event "It (open)"]
[Site "masterchessopen.com - Bar (Montenegro)"]
[Date "2008.03.30"]
[Round "3"]
[White "Miladinovic Igor (SRB)"]
[Black "Jacimovic Dragoljub (MKD)"]
[Result "1-0"]
[WhiteElo "2572"]
[BlackElo "2420"]

1.d4 e6 2.Nf3 f5 3.g3 Nf6 4.Bg2 Be7 5.O-O O-O 6.b3 Qe8 7.c4 d6 8.Nc3 Qh5 9.Ba3
Re8 10.Qc2 e5 11.dxe5 dxe5 12.Bxe7 Rxe7 13.Nd5 Nxd5 14.cxd5 Na6 15.b4 Qe8
16.Rab1 Bd7 17.b5 Bxb5 18.d6 Rf7 19.Ng5 c6 {#r} 1-0

[Event "Ch Russia (1 liga) (w)"]
[Site "masterchessopen.com - Smolensk (Russia)"]
[Date "2009.03.01"]
[Round "4"]
[White "Baraeva Irina (RUS)"]
[Black "Goncharova Oksana (RUS)"]
[Result "1-0"]
[WhiteElo "2038"]
[BlackElo "1922"]

1.d4 f5 2.Nf3 e6 3.g3 Bb4+ 4.c3 Be7 5.Bg2 Nf6 6.O-O O-O 7.c4 d6 8.b3 Qe8 9.Nc3
c6 10.Qc2 Qh5 11.e4 fxe4 12.Nxe4 Nxe4 13.Qxe4 e5 14.dxe5 Bf5 15.Qe3 dxe5
16.Nxe5 Bf6 17.Bb2 Re8 18.f4 Nd7 19.Rae1 Re6 20.Qd2 Nxe5 21.fxe5 Rd8 22.Qf2
Bg5 23.Qxf5 Rh6 24.h3 g6 25.Qf7+ {#r} 1-0

[Event "It (open)"]
[Site "masterchessopen.com - Pardubice (Czech Republic)"]
[Date "2009.07.25"]
[Round "2"]
[White "Zilka Stepan (CZE)"]
[Black "Corvi Marco (ITA)"]
[Result "1-0"]
[WhiteElo "2466"]
[BlackElo "2317"]

1.d4 f5 2.g3 Nf6 3.Bg2 e6 4.c4 Be7 5.Nf3 d6 6.O-O O-O 7.Nc3 Qe8 8.b3 Nbd7
9.Bb2 Qh5 10.Re1 Ne4 11.Nd2 Nxc3 12.Bxc3 f4 13.e3 Qxd1 14.Rexd1 fxg3 15.hxg3
Rb8 16.Bh3 Nf6 17.e4 e5 18.Bxc8 Rbxc8 19.dxe5 dxe5 20.Kg2 Rcd8 21.Nf3 Rxd1
22.Rxd1 Nxe4 23.Bxe5 Bd6 24.Bxd6 Nxd6 25.Ng5 h6 26.Ne6 Rf7 27.c5 Ne4 28.Rd8+
Kh7 29.f3 Ng5 30.Nxg5+ hxg5 31.Ra8 a6 32.c6 b6 33.Rc8 a5 34.Kh3 Kg6 35.Kg4 Re7
36.a4 Kf6 37.Kh5 Ke5 38.Kxg5 Kd5 39.f4 Kxc6 40.f5 Kc5 41.Rg8 Kd4 42.g4 Ke5
43.Kg6 Kf4 44.Rxg7 {#r} 1-0

[Event "Ch France (team) 2010"]
[Site "masterchessopen.com - France"]
[Date "2010.04.30"]
[Round "5"]
[White "Miton Kamil (POL)"]
[Black "Paci Cedric (FRA)"]
[Result "1-0"]
[WhiteElo "2629"]
[BlackElo "2370"]

1.d4 e6 2.Nf3 f5 3.g3 Nf6 4.Bg2 Be7 5.O-O O-O 6.c4 d6 7.Nc3 Qe8 8.b3 a5 9.Ba3
Na6 10.Qd2 c6 11.Ne1 e5 12.Nc2 Rb8 13.Bb2 Qh5 14.f4 Nb4 15.Ne3 e4 16.d5 Bd8
17.dxc6 Bb6 18.Nd1 Nxc6 19.Kh1 Be6 20.Rc1 Rbd8 21.a3 Bc5 22.Rc2 b6 23.Nd5 Bxd5
24.cxd5 Ng4 25.h3 e3 26.Qd3 Ne7 27.b4 axb4 28.axb4 Bxb4 29.Qd4 Nf6 30.Qxb4 Ne4
31.Rf3 Nxd5 32.Qb3 Qf7 33.Nxe3 {#r} 1-0

[Event "Tournament (scheveningen)"]
[Site "masterchessopen.com - Kefar Sava (Israel)"]
[Date "2010.06.20"]
[Round "1"]
[White "Veinberg Nimrod (ISR)"]
[Black "Libov Gennady (BLR)"]
[Result "0-1"]
[WhiteElo "2000"]
[BlackElo "2216"]

1.d4 e6 2.c4 f5 3.g3 Nf6 4.Bg2 Be7 5.Nf3 d6 6.O-O O-O 7.b3 Qe8 8.Nc3 Ne4 9.Bb2
Nc6 10.Ne1 Nxc3 11.Bxc3 Bf6 12.Qd2 e5 13.d5 Ne7 14.e3 g5 15.f4 Ng6 16.Nd3 Qe7
17.Rae1 Qg7 18.Rc1 Bd7 19.c5 Bb5 20.fxg5 Bxg5 21.cxd6 cxd6 22.a4 Ba6 23.Bh3
Qh6 24.Kg2 Bxe3 25.Qc2 Bxd3 26.Qxd3 Bxc1 27.Bxf5 Bg5 28.Bb4 {#R} 0-1

[Event "It (open)"]
[Site "masterchessopen.com - Bad Wiessee (Germany)"]
[Date "2010.11.07"]
[Round "9"]
[White "Lupor Stefan (GER)"]
[Black "Fick Roland (GER)"]
[Result "1-0"]
[WhiteElo "2295"]
[BlackElo "2154"]

1.d4 f5 2.c4 Nf6 3.g3 e6 4.Bg2 Be7 5.Nf3 O-O 6.O-O d6 7.Nc3 Qe8 8.b3 a5 9.Bb2
Na6 10.Re1 Rb8 11.e4 fxe4 12.Nxe4 Nxe4 13.Rxe4 b5 14.Bc3 Qh5 15.Ne1 Qf5 16.Rf4
Qg6 17.Rxf8+ Kxf8 18.Bxa5 b4 19.a3 bxa3 20.Rxa3 Bf6 21.Ra2 Qf5 22.Bc3 e5
23.dxe5 Bxe5 24.Bxe5 Qxe5 25.Re2 Bg4 26.Bf3 Bxf3 27.Nxf3 Qf6 28.Re4 Kg8 29.Rf4
Qe7 30.Qd5+ Kh8 31.Rf7 Qe8 32.Qf5 {#r} 1-0

[Event "Bundesliga 2010/11 (w)"]
[Site "masterchessopen.com - Germany"]
[Date "2011.02.20"]
[Round "9"]
[White "Straub Natalia (GER)"]
[Black "Schott Peggy (GER)"]
[Result "1-0"]
[WhiteElo "2205"]
[BlackElo "1810"]

1.d4 f5 2.g3 e6 3.Bg2 Nf6 4.Nf3 Be7 5.O-O O-O 6.c4 d6 7.b3 Qe8 8.Nc3 Nc6 9.d5
exd5 10.cxd5 Ne5 11.Nd4 Bd8 12.Bb2 Qh5 13.e3 Qxd1 14.Rfxd1 Re8 15.Rac1 a6
16.Nce2 Ng6 17.Rc2 Ne4 18.Bh3 Rf8 19.Ba3 Ng5 20.Bg2 Ne4 21.Rdc1 Bd7 22.h4 h5
23.Bh3 Nf6 24.Nxf5 Ng4 25.Nfd4 Bf5 26.Nxf5 Rxf5 27.e4 Re5 28.f3 Nf6 29.Be6+
Kf8 30.Nf4 Nxf4 31.gxf4 Rxe6 32.dxe6 Ne8 33.Kg2 Bxh4 34.Rh1 Bf6 35.e5 Be7
36.Rxh5 Kg8 37.Rc1 g6 38.Rh6 Bf8 39.Rxg6+ Kh7 40.f5 {#r} 1-0

[Event "Regionalliga SVM 2010/11"]
[Site "masterchessopen.com - Germany"]
[Date "2011.03.20"]
[Round "7"]
[White "Haag Martin (GER)"]
[Black "Riedel Holger Dr (GER)"]
[Result "1-0"]
[WhiteElo "2305"]
[BlackElo "2164"]

1.c4 e6 2.Nf3 f5 3.g3 Nf6 4.Bg2 Be7 5.O-O O-O 6.d4 d6 7.Nc3 Qe8 8.b3 Qh5 9.Ba3
Ne4 10.Nxe4 fxe4 11.Nd2 e3 12.fxe3 Rxf1+ 13.Nxf1 Nc6 14.Bf3 Qg5 15.b4 a6
16.Rb1 Bd7 17.Bc1 Qf5 18.Qd3 Qf6 19.Nd2 Rf8 20.b5 axb5 21.cxb5 Nd8 22.Bb2 Qg5
23.a4 h5 24.Bg2 Qh6 25.Rf1 Rxf1+ 26.Nxf1 h4 27.a5 Qh5 28.d5 e5 29.a6 Qe8
30.Qa3 bxa6 31.bxa6 Nf7 32.Qb4 Qc8 33.a7 Kh7 34.Qb8 Qa6 35.a8=Q Qxe2 36.Qg8+
Kg6 37.Be4+ Kf6 38.Qh7 Bd8 39.Qg6+ Ke7 40.Qxf7+ Kxf7 41.Qxd8 Bh3 42.Qxc7+ Kg8
43.Qc1 Bxf1 44.Qc8+ Kf7 45.Qe6+ Kf8 46.Qxd6+ Kg8 47.Qe6+ {#r} 1-0

[Event "Tournament (open)"]
[Site "masterchessopen.com - Lazarevskoe (Russia)"]
[Date "2011.06.21"]
[Round "5"]
[White "Vedmitcki Denis (RUS)"]
[Black "Gutkis Vladimir (RUS)"]
[Result "0-1"]
[WhiteElo "1677"]
[BlackElo "2231"]

1.Nf3 e6 2.g3 f5 3.Bg2 Nf6 4.O-O Be7 5.c4 O-O 6.d4 d6 7.b3 Qe8 8.Nc3 Qh5 9.Bg5
Nbd7 10.e3 c6 11.Ne2 e5 12.Bxf6 Rxf6 13.dxe5 dxe5 14.Nc3 Rh6 15.h3 g5 16.Nh2
g4 17.Qe2 e4 18.Nxe4 fxe4 19.Nxg4 Re6 20.Rfd1 Qg6 21.Rd2 h5 22.Nh2 Ne5 23.Rc1
Rf6 24.h4 Be6 25.Rd4 Bf5 26.Qc2 Bc5 27.Rd2 Raf8 28.Qc3 Nd3 29.Rf1 {#R} 0-1

[Event "Ch Germany (seniors)"]
[Site "masterchessopen.com - Halle (Germany)"]
[Date "2011.08.06"]
[Round "2"]
[White "Weidlich Guenter (GER)"]
[Black "Goettert Stefan (GER)"]
[Result "1-0"]
[WhiteElo "2227"]
[BlackElo "2051"]

1.d4 e6 2.Nf3 f5 3.g3 Nf6 4.Bg2 Be7 5.O-O O-O 6.c4 d6 7.b3 Qe8 8.Nc3 a5 9.Bb2
Na6 10.e3 c6 11.Qe2 Bd7 12.e4 fxe4 13.Nxe4 Nxe4 14.Qxe4 Bf6 15.Rfe1 Qh5
16.Rad1 Rad8 17.Qe2 b5 18.Bc3 b4 19.Bd2 Nc7 20.Bf4 Ne8 21.Ng5 Qxe2 22.Rxe2 e5
23.dxe5 dxe5 24.Be3 Bg4 25.Rxd8 Bxd8 26.Rd2 Bxg5 27.Bxg5 Nf6 28.Bxc6 Rc8
29.Bg2 a4 30.h3 Bf5 31.Bxf6 gxf6 32.Bd5+ Kg7 33.g4 Bd7 34.Kg2 a3 35.Kg3 Rc7
36.Be4 Bc6 37.Kf3 h6 38.Bxc6 Rxc6 39.Rd7+ Kg6 40.Rb7 Rd6 41.Ke2 e4 42.Rxb4 Rd3
43.c5 f5 44.c6 Rd8 45.c7 Rc8 46.gxf5+ Kxf5 47.Rc4 Ke5 48.Ke3 Kd5 49.Rc2 h5
50.b4 {#r} 1-0

[Event "It (open)"]
[Site "masterchessopen.com - Geraardsbergen (Belgium)"]
[Date "2011.08.11"]
[Round "1"]
[White "Janssen Ruud (NED)"]
[Black "Lagaert Lisa (BEL)"]
[Result "1-0"]
[WhiteElo "2498"]
[BlackElo "1882"]

1.d4 e6 2.c4 f5 3.g3 Nf6 4.Bg2 Be7 5.Nf3 O-O 6.O-O d6 7.b3 Qe8 8.Nc3 Qh5 9.Qd3
a6 10.e4 e5 11.dxe5 dxe5 12.Nd5 Bd6 13.c5 fxe4 14.Nxf6+ Rxf6 15.Qxe4 Bxc5
16.Qc4+ Be6 17.Qxc5 Nd7 18.Qe3 Raf8 19.Ng5 Rh6 20.h4 Rg6 21.Nxe6 Rxe6 {#r} 1-0

[Event "Ch Bayern"]
[Site "masterchessopen.com - Regensburg (Germany)"]
[Date "2011.08.21"]
[Round "2"]
[White "Lipok Christoph (GER)"]
[Black "Kretschel Klaus (GER)"]
[Result "1-0"]
[WhiteElo "2183"]
[BlackElo "2103"]

1.d4 f5 2.Nf3 Nf6 3.g3 e6 4.Bg2 Be7 5.O-O O-O 6.c4 d6 7.Nc3 Qe8 8.b3 Nbd7
9.Ng5 Bd8 10.d5 exd5 11.cxd5 Nc5 12.Bb2 h6 13.Nf3 a5 14.Qc2 Nfe4 15.Nd4 Nxc3
16.Bxc3 Bf6 17.Rad1 Qe7 18.e3 Ne4 19.Ba1 g6 20.Rc1 Nc5 21.Rfd1 Bd7 22.Qc4 Rac8
23.Bc3 b6 24.a3 Qe8 25.b4 b5 26.Qa2 axb4 27.Bxb4 Na6 28.Ba5 Nc5 29.Rb1 Kh7
30.Nc6 Bxc6 31.dxc6 Ne4 32.Qd5 Nc3 33.Bxc3 Bxc3 34.Rxb5 Ra8 35.Rb7 Rf7 36.Qb3
Ba5 37.Rxd6 Re7 38.Rd3 Bb6 39.Rd7 Rd8 40.Rxe7+ Qxe7 41.Qxb6 {#r} 1-0

[Event "Tournament (team) \"]
[Site "masterchessopen.com - Las Palmas (Spain)"]
[Date "2011.12.17"]
[Round "4"]
[White "Ortega Hermida Daniel (ESP)"]
[Black "Gonzalez Intelangelo Gerardo (ESP)"]
[Result "1-0"]
[WhiteElo "2383"]
[BlackElo "2048"]

1.d4 e6 2.c4 f5 3.g3 Nf6 4.Bg2 Be7 5.Nf3 O-O 6.O-O d6 7.b3 Qe8 8.Nc3 Nc6 9.Bb2
a5 10.e3 e5 11.Nb5 Bd8 12.d5 Na7 13.Nc3 b5 14.Nd2 Bd7 15.Rc1 b4 16.Ne2 c5
17.e4 fxe4 18.Nxe4 Nxe4 19.Bxe4 Bh3 20.Qd3 Qh5 21.Bg2 Bg4 22.Rce1 Bf5 23.Be4
Bh3 24.Bg2 Bf5 25.Be4 Bh3 26.Bg2 Bf5 27.Qd2 Bg5 28.f4 Bh6 29.Qd1 e4 30.Nc1 Qg6
31.Re3 Rae8 32.h3 Re7 33.Ne2 Qe8 34.g4 Bd7 35.g5 Bxg5 36.fxg5 Rxf1+ 37.Qxf1
Qg6 38.Qf4 Rf7 39.Qg3 Nc8 40.Bxe4 Qh5 41.g6 {#r} 1-0

[Event "Ch England (team) 2011/12 (3 div)"]
[Site "masterchessopen.com - England"]
[Date "2012.02.12"]
[Round "6"]
[White "Bryant John Daniel (USA)"]
[Black "Booley Graham M (ENG)"]
[Result "0-1"]
[WhiteElo "2401"]
[BlackElo "1769"]

1.d4 f5 2.g3 e6 3.Bg2 Nf6 4.Nf3 Be7 5.O-O O-O 6.c4 d6 7.b3 Qe8 8.Nc3 c6 9.Bb2
Qh5 10.Qc2 Nbd7 11.e4 fxe4 12.Nxe4 Nxe4 13.Qxe4 Nf6 14.Qe2 Bd7 15.Rfe1 Rae8
16.Nd2 Ng4 17.h3 Rxf2 18.Qd3 Rxg2+ 19.Kxg2 Qxh3+ 20.Kxh3 Nf2+ 21.Kg2 Nxd3
22.Reb1 Nxb2 23.Rxb2 Bf6 24.Nf3 c5 25.Rd2 Bc6 26.Rad1 cxd4 27.Kf2 e5 28.Ke2
Rf8 29.Rf1 b5 30.Ke1 bxc4 31.bxc4 Rb8 32.Ke2 Rb4 33.Rc2 Be4 34.Rd2 Rxc4 35.Rb2
Rc6 36.Rb8+ Kf7 37.Ng5+ Kg6 38.Rxf6+ gxf6 39.Rg8+ Kf5 40.g4+ Kf4 {#R} 0-1